000 00872cam a22002291i 4500
003 SA-RiAUC
005 20260415131721.0
008 260413s2003 su g f000 0 ara c
040 _aSA-JeALM
_bara
_cSA-RiAUC
_erda
082 0 4 _a252.5
_qSA-RiAUC
090 _a252.5
_bح س ن
100 1 _aالحسني، محمد بن علوي المالكي،
_d1367-1425 هجري
_eمؤلف.
245 1 2 _aالحج :
_bفضائل وأحكام /
_cمحمد بن علوي المالكي.
250 _aالطبعة الأولى.
264 1 _aمكة المكرمة :
_bمحمد بن علوي المالكي،
_c2003
300 _a328 صفحة
_c24 سم.
336 _aنص
_btxt
_2rdacontent
_3كتاب
337 _aبدون وسيط
_bn
_2rdamedia
650 7 _aالحج (فقه إسلامي)
_xمناسك
_2aucsh
942 _2ddc
_cBOOK
_n0
949 _aSA-JeALM
_d260413
_uosman123
_n1
999 _c14789
_d14789